| 000 | 00506nam a2200181Ia 4500 | ||
|---|---|---|---|
| 005 | 20250508152859.0 | ||
| 008 | 008 250505s9999 xx 000 0 eng d | ||
| 037 | _aTextual | ||
| 040 |
_aFEDL _beng _cFEDL |
||
| 041 |
_aeng _2eng |
||
| 084 |
_a300.1, TAG _qFEDL |
||
| 100 | _aSinha Sasadhar | ||
| 245 | 0 | _aSocial thinking of Rabindranath Tagore | |
| 260 |
_aBombay, India _bAsia Publishing House _c1962 |
||
| 300 | _axiv,198p | ||
| 942 |
_cTEXL _h300.1, TAG |
||
| 999 |
_c1339371 _d1339371 |
||